000 00848nab a2200253 u 4500
001 15589
003 HDC
007 cr bn ---aaaaa
008 210218c20150608my dr|nes 0 a may d
040 _aHDC
100 _aSofyan Rizal Ishak
_eauthor
_98392
245 0 _a3.7% Munasabah / oleh
_cSofyan Rizal Ishak
260 _aKuala Lumpur :
_bThe New Straits Times Press (M) Bhd.,
_c2015
336 _atext
_2rdacontent
337 _acomputer
_2rdamedia
338 _aonline resource
_2rdacarrier
650 _aeconomic development
_94486
650 _aproductivity growth
_915756
710 _aHarian Metro
856 _zRequest full-text at [email protected]
942 _2lcc
942 _cNEWS
942 _kNWSC 005812
999 _c12905
_d12905